[Event "Latvian Teams Chess Championship Higher League 2019"]
[Site "Riga Chess School, 10 Pernavas Street, Riga, Latvia"]
[Date "2019.06.09"]
[Round "6.15"]
[White "Gorozhankina, Julia"]
[Black "Golsta, Madara"]
[Result "1/2-1/2"]
[TimeControl "Standard: 90 minutes with 30 second increment from move 1"]
[WhiteTitle "WFM"]
[WhiteFideId "4199650"]
[BlackFideId "11607386"]
[WhiteElo "2071"]
[BlackElo "1912"]

1. e4 {[%clk 01:30:52]} {[%emt 00:00:07]} c5 {[%clk 01:30:25]} {[%emt
00:00:35]} 2. Nf3 {[%clk 01:31:18]} {[%emt 00:00:04]} Nc6 {[%clk 01:30:24]}
{[%emt 00:00:31]} 3. Bb5 {[%clk 01:31:45]} {[%emt 00:00:04]} g6 {[%clk
01:30:35]} {[%emt 00:00:19]} 4. O-O {[%clk 01:29:27]} {[%emt 00:02:48]} Nf6
{[%clk 01:27:48]} {[%emt 00:03:16]} 5. Re1 {[%clk 01:29:18]} {[%emt 00:00:39]}
Bg7 {[%clk 01:27:27]} {[%emt 00:00:51]} 6. c3 {[%clk 01:28:05]} {[%emt
00:01:43]} O-O {[%clk 01:22:52]} {[%emt 00:05:05]} 7. d4 {[%clk 01:26:02]}
{[%emt 00:02:33]} cxd4 {[%clk 01:22:35]} {[%emt 00:00:48]} 8. cxd4 {[%clk
01:26:28]} {[%emt 00:00:04]} d5 {[%clk 01:16:00]} {[%emt 00:07:04]} 9. e5
{[%clk 01:24:21]} {[%emt 00:02:37]} Ne4 {[%clk 01:14:29]} {[%emt 00:02:00]} 10.
Nc3 {[%clk 01:22:31]} {[%emt 00:02:21]} Nxc3 {[%clk 01:12:24]} {[%emt
00:02:35]} 11. bxc3 {[%clk 01:22:57]} {[%emt 00:00:04]} Bg4 {[%clk 01:04:55]}
{[%emt 00:07:59]} 12. h3 {[%clk 01:17:32]} {[%emt 00:05:55]} Bxf3 {[%clk
01:03:31]} {[%emt 00:01:54]} 13. Qxf3 {[%clk 01:17:58]} {[%emt 00:00:04]} Rc8
{[%clk 00:58:12]} {[%emt 00:05:48]} 14. a4 {[%clk 01:04:08]} {[%emt 00:14:22]}
Na5 {[%clk 00:53:28]} {[%emt 00:05:12]} 15. Rb1 {[%clk 00:52:03]} {[%emt
00:12:36]} a6 {[%clk 00:42:10]} {[%emt 00:11:48]} 16. Bf1 {[%clk 00:51:34]}
{[%emt 00:00:59]} Qd7 {[%clk 00:42:26]} {[%emt 00:00:14]} 17. Ba3 {[%clk
00:51:11]} {[%emt 00:00:53]} Nc4 {[%clk 00:32:34]} {[%emt 00:10:23]} 18. Bxc4
{[%clk 00:48:16]} {[%emt 00:03:25]} Rxc4 {[%clk 00:31:40]} {[%emt 00:01:23]} 19.
a5 {[%clk 00:48:12]} {[%emt 00:00:34]} Rfc8 {[%clk 00:28:08]} {[%emt 00:04:01]}
20. Bc5 {[%clk 00:41:50]} {[%emt 00:06:54]} e6 {[%clk 00:21:55]} {[%emt
00:06:42]} 21. Rb4 {[%clk 00:40:50]} {[%emt 00:01:30]} Rxb4 {[%clk 00:17:01]}
{[%emt 00:05:25]} 22. cxb4 {[%clk 00:41:13]} {[%emt 00:00:07]} Qb5 {[%clk
00:15:54]} {[%emt 00:01:35]} 23. Qe2 {[%clk 00:40:08]} {[%emt 00:01:36]} Qa4
{[%clk 00:08:54]} {[%emt 00:07:30]} 24. Rb1 {[%clk 00:34:45]} {[%emt 00:05:53]}
Bf8 {[%clk 00:06:01]} {[%emt 00:03:23]} 25. Qd2 {[%clk 00:34:40]} {[%emt
00:00:35]} Qb5 {[%clk 00:05:57]} {[%emt 00:00:34]} 26. Rc1 {[%clk 00:34:39]}
{[%emt 00:00:32]} Rc6 {[%clk 00:03:14]} {[%emt 00:03:13]} 27. Rc2 {[%clk
00:31:28]} {[%emt 00:03:41]} Qa4 {[%clk 00:03:04]} {[%emt 00:00:39]} 28. Ra2
{[%clk 00:31:24]} {[%emt 00:00:34]} Qb5 {[%clk 00:03:14]} {[%emt 00:00:21]} 29.
Qe2 {[%clk 00:30:31]} {[%emt 00:01:23]} h5 {[%clk 00:03:00]} {[%emt 00:00:43]}
30. Kf1 {[%clk 00:28:42]} {[%emt 00:02:18]} g5 {[%clk 00:01:21]} {[%emt
00:02:10]} 31. Ke1 {[%clk 00:27:30]} {[%emt 00:01:42]} Qxe2+ {[%clk 00:01:48]}
{[%emt 00:00:02]} 32. Kxe2 {[%clk 00:27:24]} {[%emt 00:00:36]} Bh6 {[%clk
00:01:52]} {[%emt 00:00:26]} 33. Rb2 {[%clk 00:18:55]} {[%emt 00:08:59]} Bf8
{[%clk 00:02:05]} {[%emt 00:00:18]} 34. b5 {[%clk 00:18:19]} {[%emt 00:01:06]}
axb5 {[%clk 00:02:04]} {[%emt 00:00:31]} 35. Rxb5 {[%clk 00:18:40]} {[%emt
00:00:10]} Bxc5 {[%clk 00:02:20]} {[%emt 00:00:13]} 36. Rxc5 {[%clk 00:14:22]}
{[%emt 00:04:48]} Ra6 {[%clk 00:02:44]} {[%emt 00:00:06]} 37. Rb5 {[%clk
00:14:46]} {[%emt 00:00:06]} Kg7 {[%clk 00:02:11]} {[%emt 00:01:03]} 38. Kd3
{[%clk 00:14:49]} {[%emt 00:00:28]} Kg6 {[%clk 00:02:32]} {[%emt 00:00:08]} 39.
g4 {[%clk 00:12:34]} {[%emt 00:02:45]} hxg4 {[%clk 00:02:11]} {[%emt 00:00:51]}
40. hxg4 {[%clk 00:13:01]} {[%emt 00:00:03]} Kg7 {[%clk 00:02:30]} {[%emt
00:00:11]} 41. Kc3 {[%clk 00:12:54]} {[%emt 00:00:36]} Rc6+ {[%clk 00:02:52]}
{[%emt 00:00:09]} 42. Kb3 {[%clk 00:10:57]} {[%emt 00:02:27]} Rc1 {[%clk
00:02:59]} {[%emt 00:00:22]} 43. Ka4 {[%clk 00:10:55]} {[%emt 00:00:33]} Ra1+
{[%clk 00:03:21]} {[%emt 00:00:08]} 44. Kb4 {[%clk 00:10:55]} {[%emt 00:00:30]}
Rc1 {[%clk 00:03:34]} {[%emt 00:00:17]} 45. Rb6 {[%clk 00:07:23]} {[%emt
00:04:03]} Kg6 {[%clk 00:03:10]} {[%emt 00:00:53]} 46. Kb5 {[%clk 00:07:42]}
{[%emt 00:00:11]} Rc7 {[%clk 00:03:05]} {[%emt 00:00:36]} 47. Ka4 {[%clk
00:07:03]} {[%emt 00:01:09]} Rc4+ {[%clk 00:03:04]} {[%emt 00:00:30]} 48. Rb4
{[%clk 00:07:28]} {[%emt 00:00:05]} Rc7 {[%clk 00:03:12]} {[%emt 00:00:23]} 49.
Ka3 {[%clk 00:06:27]} {[%emt 00:01:31]} Kg7 {[%clk 00:02:43]} {[%emt 00:00:58]}
50. Kb2 {[%clk 00:06:30]} {[%emt 00:00:27]} Kf8 {[%clk 00:03:02]} {[%emt
00:00:11]} 51. Rb3 {[%clk 00:03:27]} {[%emt 00:03:33]} Rc4 {[%clk 00:03:01]}
{[%emt 00:00:31]} 52. Rxb7 {[%clk 00:03:40]} {[%emt 00:00:17]} Rxd4 {[%clk
00:03:29]} {[%emt 00:00:02]} 53. a6 {[%clk 00:03:59]} {[%emt 00:00:11]} Ra4
{[%clk 00:03:55]} {[%emt 00:00:04]} 54. a7 {[%clk 00:04:23]} {[%emt 00:00:06]}
Kg7 {[%clk 00:04:24]} 55. Kb3 {[%clk 00:04:38]} {[%emt 00:00:15]} Ra1 {[%clk
00:04:50]} {[%emt 00:00:04]} 56. Kb4 {[%clk 00:04:57]} {[%emt 00:00:12]} d4
{[%clk 00:02:36]} {[%emt 00:02:44]} 57. Kc4 {[%clk 00:03:59]} {[%emt 00:01:28]}
Ra4+ {[%clk 00:02:57]} {[%emt 00:00:09]} 58. Kb5 {[%clk 00:04:27]} {[%emt
00:00:02]} Ra2 {[%clk 00:03:17]} {[%emt 00:00:10]} 59. Kb6 {[%clk 00:04:45]}
{[%emt 00:00:13]} d3 {[%clk 00:02:35]} {[%emt 00:01:11]} 60. Rd7 {[%clk
00:04:57]} {[%emt 00:00:18]} Rb2+ {[%clk 00:02:09]} {[%emt 00:00:56]} 61. Kc7
{[%clk 00:03:22]} {[%emt 00:02:05]} Ra2 {[%clk 00:02:26]} {[%emt 00:00:13]} 62.
Kb8 {[%clk 00:02:47]} {[%emt 00:01:06]} Rb2+ {[%clk 00:02:01]} {[%emt
00:00:54]} 63. Kc8 {[%clk 00:02:32]} {[%emt 00:00:44]} Ra2 {[%clk 00:02:19]}
{[%emt 00:00:13]} 64. Kb8 {[%clk 00:02:14]} {[%emt 00:00:48]} 1/2-1/2